[Event "34th Zalakaros Open 2015"]
[Site "Zalakaros HUN"]
[Date "2015.05.17"]
[Round "4.12"]
[White "Smith, Bryan G"]
[Black "Wagner, Dennis"]
[Result "1/2-1/2"]
[WhiteTitle "GM"]
[BlackTitle "IM"]
[WhiteElo "2467"]
[BlackElo "2572"]
[WhiteFideId "2017083"]
[BlackFideId "24650684"]
[EventDate "2015.05.14"]
[EventType "swiss"]

1. e4 e5 2. Nf3 Nc6 3. Bb5 a6 4. Ba4 Nf6 5. O-O Be7 6. Re1 b5 7. Bb3 d6 8. c3
O-O 9. d4 Bg4 10. Be3 exd4 11. cxd4 Na5 12. Bc2 Nc4 13. Bc1 c5 14. b3 Nb6 15.
Nbd2 Rc8 16. a4 bxa4 17. bxa4 cxd4 18. Bb2 Nfd7 19. a5 Nc4 20. Nxc4 Rxc4 21. Bd3
Bxf3 22. gxf3 Rc5 23. f4 Rxa5 24. Bxd4 Bf6 25. Bxa6 Bxd4 26. Qxd4 Rxa1 27. Rxa1
Nc5 28. Bc4 Ne6 29. Bxe6 fxe6 30. Ra6 Rxf4 31. Rxd6 Qg5+ 32. Kf1 Qb5+ 33. Kg2
Rg4+ 34. Kf3 h5 35. h3 Rg6 36. Qd3 Rf6+ 37. Kg2 Rg6+ 38. Kf1 Qb2 39. Qd1 Qe5 40.
Qd3 Qa1+ 41. Qd1 Qe5 42. Qd3 Rf6 43. Rd8+ Kh7 44. Qe3 Qa1+ 45. Ke2 Qa6+ 46. Qd3
Qa2+ 47. Qd2 Qc4+ 48. Qd3 Qc5 49. Qe3 Qb5+ 50. Qd3 Qb6 51. Qd4 Qb3 52. Qd3 Qb2+
53. Qd2 Qb6 54. Qd4 Qc7 55. Qd3 Rf4 56. e5+ Rf5 57. Rf8 Qxe5+ 58. Kf1 Qf4 59.
Rxf5 exf5 60. Qe2 Qc1+ 61. Kg2 Qc6+ 62. Kh2 Kg6 63. Kg3 Qd6+ 64. Kg2 Qd5+ 65.
Kg3 Qd6+ 66. Kg2 Kg5 67. Qe3+ Kh4 68. Qc3 g6 69. Qe3 f4 70. Qe4 Qf6 71. Qf3 Qf5
72. Kh2 Qf6 73. Kg2 Qe5 74. Qc6 Qg5+ 75. Kh2 Qf5 76. Qf3 Qe5 77. Kg2 Qf6 78. Kh2
Qf5 79. Kg2 Qe5 80. Qc6 Qe2 81. Qxg6 f3+ 82. Kh1 Qf1+ 83. Qg1 Qxh3+ 84. Qh2
Qxh2+ 85. Kxh2 Kg4 86. Kg1 Kf4 87. Kh2 Kg4 88. Kg1 Kf4 89. Kh2 h4 90. Kh3 Kg5
91. Kh2 Kg4 92. Kg1 Kf5 93. Kh2 Kf4 94. Kh3 Kg5 95. Kh2 Kg4 96. Kg1 Kh3 97. Kh1
Kg4 98. Kg1 Kf4 99. Kh2 Kf5 100. Kh3 Kg5 1/2-1/2

[Event "34th Zalakaros Open 2015"]
[Site "Zalakaros HUN"]
[Date "2015.05.17"]
[Round "4.13"]
[White "Donchenko, Alexander"]
[Black "Romanishin, Oleg M"]
[Result "1/2-1/2"]
[WhiteTitle "IM"]
[BlackTitle "GM"]
[WhiteElo "2570"]
[BlackElo "2466"]
[WhiteFideId "24603295"]
[BlackFideId "14100088"]
[EventDate "2015.05.14"]
[EventType "swiss"]

1. d4 Nf6 2. c4 e6 3. Nc3 Bb4 4. Qc2 d5 5. cxd5 Qxd5 6. Nf3 Qf5 7. Qxf5 exf5 8.
a3 Be7 9. Bf4 c6 10. e3 Be6 11. Bd3 g6 12. h3 Nbd7 13. Ke2 Nb6 14. Nd2 Nfd5 15.
Nxd5 Nxd5 16. Be5 Bf6 17. Nc4 Bxe5 18. Nxe5 f6 19. Nc4 O-O-O 20. g3 Rhe8 21. Kd2
Nb6 22. Na5 Kb8 23. b4 Bd5 24. Rhc1 Re7 25. Rab1 Rc7 26. Nb3 Nc8 27. Ke2 Nd6 28.
Nd2 Re7 29. h4 a6 30. Ra1 h6 31. Nc4 Nxc4 32. Bxc4 h5 33. Bd3 Be4 34. Kd2 Bxd3
35. Kxd3 Kc7 36. a4 Rd5 37. Rc5 Red7 38. Rac1 R7d6 39. b5 Rxc5 40. Rxc5 axb5 41.
axb5 Kb6 42. bxc6 bxc6 43. Rc3 Rd5 44. Ra3 Kb7 45. Kc4 Rd8 46. f3 Kb6 47. Kd3
Rd5 48. Ra8 Rb5 49. Kc4 g5 50. Rb8+ Ka5 51. Ra8+ Kb6 52. Rb8+ Ka5 53. Rf8 f4 54.
hxg5 fxg3 55. gxf6 Rf5 56. f4 h4 57. f7 g2 58. Rg8 h3 59. Rg5 Rxg5 60. f8=Q 1/2-1/2

[Event "34th Zalakaros Open 2015"]
[Site "Zalakaros HUN"]
[Date "2015.05.17"]
[Round "4.14"]
[White "Vajda, Levente"]
[Black "Torma, Robert"]
[Result "1-0"]
[WhiteTitle "GM"]
[BlackTitle "IM"]
[WhiteElo "2554"]
[BlackElo "2440"]
[WhiteFideId "1203975"]
[BlackFideId "719030"]
[EventDate "2015.05.14"]
[EventType "swiss"]

1. Nf3 Nf6 2. g3 c5 3. Bg2 Nc6 4. O-O e5 5. d3 d5 6. Nbd2 Be7 7. e4 dxe4 8. dxe4
O-O 9. c3 b6 10. Qe2 a5 11. Rd1 Ba6 12. Qe1 Qc8 13. Nf1 Bxf1 14. Bxf1 a4 15. Bb5
Ra5 16. Qe2 Na7 17. Bc4 b5 18. Bd5 Qc7 19. Be3 Nc8 20. c4 b4 21. a3 b3 22. Bd2
Ra6 23. Bc3 Bd6 24. Nh4 Nxd5 25. cxd5 Ra7 26. Nf5 Ne7 27. Ne3 f5 28. Nc4 f4 29.
Bxe5 Bxe5 30. d6 f3 31. Qf1 Bxd6 32. Nxd6 Nc6 33. Nb5 Qf7 34. Nxa7 Qxa7 35. Qc4+
Kh8 36. Rac1 Nd4 37. Qxc5 Ne2+ 38. Kf1 Qa8 39. Rc4 Re8 40. Rd7 h6 41. Qb5 Rc8
42. Qe5 Rg8 43. Rd6 1-0

[Event "34th Zalakaros Open 2015"]
[Site "Zalakaros HUN"]
[Date "2015.05.17"]
[Round "4.15"]
[White "Deac, Bogdan-Daniel"]
[Black "Gonda, Laszlo"]
[Result "1-0"]
[WhiteTitle "IM"]
[BlackTitle "GM"]
[WhiteElo "2437"]
[BlackElo "2553"]
[WhiteFideId "1226380"]
[BlackFideId "720852"]
[EventDate "2015.05.14"]
[EventType "swiss"]

1. c4 c5 2. Nf3 Nc6 3. d4 cxd4 4. Nxd4 Nf6 5. Nc3 e6 6. a3 Be7 7. e4 O-O 8. Nf3
Qc7 9. Be2 b6 10. O-O Bb7 11. Bg5 Rad8 12. Rc1 Qb8 13. Re1 h6 14. Bh4 d6 15. h3
Rfe8 16. Bg3 Nd7 17. Bf1 a6 18. Nd2 Nce5 19. b4 Qa8 20. f3 Rc8 21. f4 Ng6 22.
Nf3 Nf6 23. f5 Nf8 24. fxe6 fxe6 25. e5 dxe5 26. Nxe5 Red8 27. Qc2 Nh5 28. Bf2
b5 29. Bb6 bxc4 30. Qf2 Bf6 31. Bxd8 Rxd8 32. Bxc4 Qb8 33. Qe3 Bg5 34. Qc5 Bxc1
35. Rxc1 Rd2 36. Ne2 Qd8 37. Rf1 Nf6 38. Qe3 Rd1 39. Nf4 Rxf1+ 40. Bxf1 Qd1 41.
Nfd3 Qb3 42. Qb6 Qd5 43. Qc5 N8d7 44. Qxd5 exd5 45. Nxd7 Nxd7 46. Kf2 d4 47. Nc1
a5 48. bxa5 Nc5 49. Nd3 Nb3 50. Nb4 Nxa5 51. Nc2 Nc6 52. Bb5 Kf7 53. Bxc6 Bxc6
54. Nxd4 Bd7 55. Ke3 Kf6 56. Kf4 g5+ 57. Kg3 Ke5 58. Nf3+ Ke4 59. Nh2 Kf5 60.
Nf1 Ke4 61. Nd2+ Kd3 62. Nf3 Ke4 63. h4 gxh4+ 64. Kxh4 Kf4 65. Nh2 Be8 66. Ng4
Bc6 67. g3+ 1-0

[Event "34th Zalakaros Open 2015"]
[Site "Zalakaros HUN"]
[Date "2015.05.17"]
[Round "4.16"]
[White "Horvath, Csaba"]
[Black "Kreisl, Robert"]
[Result "1/2-1/2"]
[WhiteTitle "GM"]
[BlackTitle "IM"]
[WhiteElo "2549"]
[BlackElo "2420"]
[WhiteFideId "700118"]
[BlackFideId "1613880"]
[EventDate "2015.05.14"]
[EventType "swiss"]

1. e4 c5 2. Nf3 e6 3. b3 d6 4. Bb2 Nf6 5. Nc3 e5 6. Bc4 Be7 7. Ng5 O-O 8. f4
exf4 9. Qf3 Nc6 10. Qxf4 Ne5 11. Nf3 Nh5 12. Qe3 Ng4 13. Qg1 Bf6 14. O-O-O Be6
15. g3 Bxc4 16. bxc4 Qa5 17. Qe1 b5 18. cxb5 a6 19. d4 axb5 20. Nd5 cxd4 21.
Qxa5 Rxa5 22. Nxf6+ Nhxf6 23. Rxd4 Rxa2 24. Re1 Ra4 1/2-1/2

[Event "34th Zalakaros Open 2015"]
[Site "Zalakaros HUN"]
[Date "2015.05.17"]
[Round "4.17"]
[White "Vajda, Szidonia"]
[Black "Horvath, Adam1"]
[Result "1-0"]
[WhiteTitle "IM"]
[BlackTitle "GM"]
[WhiteElo "2333"]
[BlackElo "2528"]
[WhiteFideId "723894"]
[BlackFideId "708003"]
[EventDate "2015.05.14"]
[EventType "swiss"]

1. e4 g6 2. d4 Bg7 3. Nc3 c5 4. dxc5 Qa5 5. Bd2 Qxc5 6. Nd5 b6 7. Bb4 Qc6 8. Bb5
Qb7 9. Bc3 f6 10. Qf3 a6 11. Bd3 Nc6 12. a4 Ne5 13. Bxe5 fxe5 14. Qe3 Nf6 15.
Nxb6 Ng4 16. Qc5 d6 17. Qb4 Bd7 18. a5 Bc6 19. Qc4 Ra7 20. Nh3 Bh6 21. O-O Nf6
22. Rfe1 Bd2 23. Re2 Bxa5 24. Rxa5 Qxb6 25. Ng5 Qxa5 26. Qxc6+ Rd7 27. Qa8+ Rd8
28. Qc6+ Rd7 29. Qa8+ Qd8 30. Qxa6 O-O 31. Ne6 Qa8 32. h3 Qxa6 33. Bxa6 Rb8 34.
Bc4 Ra7 35. b3 h6 36. g3 Rc8 37. f4 Ra5 38. g4 exf4 39. Nxf4+ Kh7 40. Nd3 e5 41.
Nf2 Kg7 42. Rd2 Rc6 43. Kg2 Kf8 44. Kf3 Ra3 45. Rd3 Ke7 46. Ke3 Ra1 47. Nd1 Rc8
48. Nc3 Rh1 49. Kd2 Ra8 50. b4 Raa1 51. Rf3 Rh2+ 52. Kd3 Rah1 53. b5 Rxh3 54.
Rxh3 Rxh3+ 55. Kd2 h5 56. gxh5 gxh5 57. b6 Kd7 58. b7 Kc7 59. Nb5+ Kxb7 60.
Nxd6+ Kc6 61. Nf7 Kc5 62. Bd3 Rh2+ 63. Ke1 Kd4 64. Ng5 Ke3 65. Kf1 Ng4 66. Kg1
Kf4 67. Ne6+ Kg3 68. Ng7 Rg2+ 69. Kf1 Nh2+ 70. Ke1 Nf3+ 71. Kd1 Rg1+ 1-0

[Event "34th Zalakaros Open 2015"]
[Site "Zalakaros HUN"]
[Date "2015.05.17"]
[Round "4.18"]
[White "Melkumyan, Hrant"]
[Black "Nagy, Gabor1"]
[Result "1-0"]
[WhiteTitle "GM"]
[BlackTitle "IM"]
[WhiteElo "2654"]
[BlackElo "2396"]
[WhiteFideId "13302485"]
[BlackFideId "737119"]
[EventDate "2015.05.14"]
[EventType "swiss"]

1. d4 Nf6 2. Nf3 e6 3. c4 c5 4. Nc3 cxd4 5. Nxd4 Nc6 6. Bf4 d5 7. e3 Bb4 8. Nxc6
bxc6 9. Qa4 Qb6 10. Bd3 Nd7 11. Qc2 Nc5 12. Be2 O-O 13. O-O Ba6 14. Rac1 Rfd8
15. Na4 Nxa4 16. Qxa4 Qa5 17. Qxa5 Bxa5 18. a3 c5 19. Rc2 f6 20. f3 Bb6 21. Rb1
Rd7 22. Kf1 Rad8 23. cxd5 Bxe2+ 24. Kxe2 exd5 25. Rd1 c4 26. g4 g5 27. Bg3 Re7
28. e4 dxe4 29. Rxd8+ Bxd8 30. Rxc4 exf3+ 31. Kxf3 Kf7 32. Bf2 a5 33. h3 Bc7 34.
Bc5 Re1 35. Bf2 Re7 36. a4 Bd6 37. Rc6 Be5 38. Rb6 Rc7 39. Be1 Rc2 40. Rb7+ Kg6
41. Bxa5 Bxb2 42. Bb4 Ba3 43. Be1 Bd6 44. Rd7 Bf4 45. a5 Rh2 46. Rd3 Rxh3+ 47.
Ke2 Rxd3 48. Kxd3 Bc7 49. a6 Bb6 50. Bc3 Ba7 51. Bd4 Bb8 52. Ke4 f5+ 53. gxf5+
Kf7 54. a7 Bxa7 55. Bxa7 h5 56. Be3 Kf6 57. Bd2 h4 58. Bc3+ Kf7 1-0

[Event "34th Zalakaros Open 2015"]
[Site "Zalakaros HUN"]
[Date "2015.05.17"]
[Round "4.19"]
[White "Antal, Gergely"]
[Black "Schachinger, Mario"]
[Result "1-0"]
[WhiteTitle "GM"]
[BlackTitle "IM"]
[WhiteElo "2511"]
[BlackElo "2421"]
[WhiteFideId "717312"]
[BlackFideId "1616773"]
[EventDate "2015.05.14"]
[EventType "swiss"]

1. e4 e5 2. Nf3 Nc6 3. Bc4 Bc5 4. b4 Bxb4 5. c3 Ba5 6. d4 exd4 7. Qb3 Qe7 8. O-O
Bb6 9. cxd4 Nxd4 10. Nxd4 Bxd4 11. Nc3 Nf6 12. Ba3 d6 13. Rae1 O-O 14. Nb5 Bb6
15. h3 Nd7 16. Kh1 Ne5 17. Bd5 Bd7 18. f4 Bxb5 19. Qxb5 Ng4 20. Qb3 Qh4 21. Qf3
h5 22. Re2 c6 23. Bb3 Rfe8 24. Bb4 Nf2+ 25. Rfxf2 Bxf2 26. Rxf2 Rxe4 27. Qxe4
Qxf2 28. Bxd6 Qh4 29. Be5 Rf8 30. Qg6 1-0

[Event "34th Zalakaros Open 2015"]
[Site "Zalakaros HUN"]
[Date "2015.05.17"]
[Round "4.20"]
[White "Bagi, Mate"]
[Black "Nemeth, Miklos1"]
[Result "1/2-1/2"]
[WhiteTitle "FM"]
[BlackTitle "IM"]
[WhiteElo "2417"]
[BlackElo "2478"]
[WhiteFideId "742570"]
[BlackFideId "720232"]
[EventDate "2015.05.14"]
[EventType "swiss"]

1. e4 e5 2. Nf3 Nc6 3. Nc3 g6 4. d4 exd4 5. Nxd4 Bg7 6. Nxc6 bxc6 7. Bc4 d6 8.
O-O Qe7 9. Re1 Nf6 10. Bb3 O-O 11. f3 a5 12. Bg5 Qe5 13. Qd2 Nd7 14. Be3 Nc5 15.
f4 Qh5 16. Bd4 Rb8 17. Bxg7 Kxg7 18. e5 d5 19. Na4 Ne6 20. g3 Bd7 21. Qf2 Rb5
22. c3 1/2-1/2

[Event "34th Zalakaros Open 2015"]
[Site "Zalakaros HUN"]
[Date "2015.05.17"]
[Round "4.21"]
[White "Reznak, Attila"]
[Black "Varga, Zoltan"]
[Result "0-1"]
[BlackTitle "GM"]
[WhiteElo "2304"]
[BlackElo "2473"]
[WhiteFideId "727407"]
[BlackFideId "700509"]
[EventDate "2015.05.14"]
[EventType "swiss"]

1. e4 Nf6 2. e5 Nd5 3. Nc3 Nb6 4. Nf3 d5 5. d4 Bg4 6. h3 Bxf3 7. Qxf3 e6 8. Qg4
h5 9. Qg3 Nc6 10. Be3 Qd7 11. Bd3 Nb4 12. Bg5 Nxd3+ 13. Qxd3 Be7 14. Bxe7 Qxe7
15. O-O O-O-O 16. a4 a6 17. f4 f5 18. h4 Qxh4 19. a5 Nd7 20. b4 g5 21. b5 Nb8
22. bxa6 bxa6 23. Rab1 Kd7 24. Nxd5 g4 25. Nf6+ Ke7 26. g3 Qh3 27. Rf2 h4 28.
Rh2 Qxg3+ 29. Qxg3 hxg3 30. Rxh8 Rxh8 31. Rb7 Rc8 32. c4 Nc6 33. d5 Nxa5 34. d6+
Kd8 35. Ra7 Nxc4 36. d7 Rb8 37. Kg2 Nb6 38. Rxa6 Ra8 39. Rxa8+ Nxa8 40. Kxg3 Nb6 0-1

[Event "34th Zalakaros Open 2015"]
[Site "Zalakaros HUN"]
[Date "2015.05.17"]
[Round "4.22"]
[White "Korpa, Bence"]
[Black "Madl, Ildiko"]
[Result "1-0"]
[WhiteTitle "IM"]
[BlackTitle "IM"]
[WhiteElo "2435"]
[BlackElo "2356"]
[WhiteFideId "706671"]
[BlackFideId "700550"]
[EventDate "2015.05.14"]
[EventType "swiss"]

1. Nf3 d5 2. c4 c6 3. g3 Bg4 4. Bg2 e6 5. O-O Nd7 6. cxd5 exd5 7. d3 Ngf6 8. Nc3
Bc5 9. h3 Bxf3 10. Bxf3 O-O 11. Qb3 Qb6 12. Qc2 Bd6 13. e4 dxe4 14. dxe4 Rfe8
15. Bg2 Be5 16. Be3 Qa5 17. Ne2 Bc7 18. Nc3 Bb6 19. Bxb6 Nxb6 20. Rad1 h6 21. f4
Rad8 22. b3 Qc5+ 23. Kh2 a5 24. Qb2 Qb4 25. a3 Qe7 26. Rfe1 Rxd1 27. Rxd1 Rd8
28. Rxd8+ Qxd8 29. e5 Nfd5 30. Qd2 Qc7 31. Bxd5 Nxd5 32. Nxd5 cxd5 33. Qxd5 Qc2+
34. Kg1 Qc1+ 35. Kf2 Qb2+ 36. Kf3 Qc3+ 37. Kg4 Qc8+ 38. f5 h5+ 39. Kg5 Qc1+ 40.
Kxh5 Qxa3 41. Qxb7 Qc5 42. Qa8+ Kh7 43. Qe4 Qb5 44. Kh4 Qxb3 45. e6 fxe6 46.
fxe6+ Kh6 47. e7 Qb5 48. Qe6+ g6 49. g4 Qc5 50. Kg3 Qg1+ 51. Kf4 Qf2+ 52. Ke4
Qc2+ 1-0

[Event "34th Zalakaros Open 2015"]
[Site "Zalakaros HUN"]
[Date "2015.05.17"]
[Round "4.23"]
[White "Mokal, Amruta Sunil"]
[Black "Csonka, Balazs"]
[Result "1/2-1/2"]
[BlackTitle "FM"]
[WhiteElo "2130"]
[BlackElo "2433"]
[WhiteFideId "5016371"]
[BlackFideId "742910"]
[EventDate "2015.05.14"]
[EventType "swiss"]

1. e4 c6 2. d4 d5 3. e5 Bf5 4. c4 e6 5. Nc3 Ne7 6. Be3 Nd7 7. Nf3 h6 8. Rc1 Rc8
9. a3 a6 10. Be2 dxc4 11. Bxc4 Nd5 12. O-O Be7 13. Bd3 Nxc3 14. Rxc3 Bxd3 15.
Qxd3 O-O 16. Nd2 Kh8 17. Ne4 f5 18. exf6 Nxf6 19. Nc5 Bxc5 20. dxc5 Nd5 21. Rc4
Qf6 22. Re4 Rcd8 23. Bd4 Qg6 24. Qg3 Qxg3 25. fxg3 Rxf1+ 26. Kxf1 1/2-1/2

[Event "34th Zalakaros Open 2015"]
[Site "Zalakaros HUN"]
[Date "2015.05.17"]
[Round "4.24"]
[White "Meszaros, Tamas"]
[Black "Farkas, Richard"]
[Result "0-1"]
[WhiteTitle "IM"]
[WhiteElo "2421"]
[BlackElo "2265"]
[WhiteFideId "717410"]
[BlackFideId "703850"]
[EventDate "2015.05.14"]
[EventType "swiss"]

1. e4 e6 2. Nf3 d5 3. e5 c5 4. b4 cxb4 5. d4 Nc6 6. a3 f6 7. axb4 Bxb4+ 8. c3
Be7 9. Bd3 fxe5 10. dxe5 Qc7 11. Qe2 Nh6 12. Bxh6 gxh6 13. O-O Bc5 14. Na3 O-O
15. Nb5 Qg7 16. Ra4 a6 17. h3 h5 18. Nbd4 Bd7 19. Nxc6 Bxc6 20. Rh4 Be8 21. Kh1
Be7 22. Rd4 b5 23. Rg1 Kh8 24. g3 Rc8 25. Nd2 Rxc3 26. g4 Bc5 27. gxh5 Qxg1+ 28.
Kxg1 Bxd4 0-1

[Event "34th Zalakaros Open 2015"]
[Site "Zalakaros HUN"]
[Date "2015.05.17"]
[Round "4.25"]
[White "Onischuk, Vladimir"]
[Black "Tantsiura, Maria"]
[Result "1/2-1/2"]
[WhiteTitle "GM"]
[BlackTitle "WIM"]
[WhiteElo "2669"]
[BlackElo "2262"]
[WhiteFideId "14114038"]
[BlackFideId "14124327"]
[EventDate "2015.05.14"]
[EventType "swiss"]

1. e4 c5 2. Nf3 e6 3. b3 a6 4. Bb2 d5 5. exd5 exd5 6. d4 Nf6 7. Bd3 Nc6 8. O-O
Be7 9. dxc5 O-O 10. a3 Bxc5 11. b4 Bd6 12. h3 Nh5 13. c4 dxc4 14. Bxc4 Nf4 15.
Qb3 b5 16. Qc3 Ne5 17. Nxe5 bxc4 18. Re1 Qg5 19. Qg3 Qxg3 20. fxg3 Bxe5 21. Bxe5
Nd3 22. Re3 Re8 23. Bd4 Rxe3 24. Bxe3 Bb7 25. Nc3 Re8 26. Ba7 h5 27. h4 Re7 28.
a4 Nxb4 29. Bc5 Nc2 30. Ra2 1/2-1/2

[Event "34th Zalakaros Open 2015"]
[Site "Zalakaros HUN"]
[Date "2015.05.17"]
[Round "4.26"]
[White "Raznikov, Danny"]
[Black "Warakomska, Anna"]
[Result "1-0"]
[WhiteTitle "IM"]
[BlackTitle "WFM"]
[WhiteElo "2484"]
[BlackElo "2260"]
[WhiteFideId "2811154"]
[BlackFideId "1130790"]
[EventDate "2015.05.14"]
[EventType "swiss"]

1. d4 Nf6 2. c4 e6 3. Nc3 Bb4 4. e3 O-O 5. Bd3 c5 6. Nf3 d5 7. O-O dxc4 8. Bxc4
cxd4 9. exd4 b6 10. Re1 Bb7 11. Bd3 Nbd7 12. a3 Bxc3 13. bxc3 Qc7 14. c4 h6 15.
a4 Rfe8 16. Bb2 Rac8 17. Nd2 e5 18. d5 Ba6 19. Ra3 Qd6 20. Qa1 Qb4 21. Bc3 Qf8
22. Bf1 Bb7 23. Qb2 a5 24. Nf3 Ba6 25. Nxe5 Nxe5 26. Bxe5 Bxc4 27. Rg3 Qb4 28.
Rc1 Bxf1 29. Rxf1 Qxb2 30. Bxb2 Nxd5 31. Rxg7+ Kf8 32. Rh7 f6 33. Rxh6 Kg7 34.
Rh5 Nc3 35. Bxc3 Rxc3 36. Rb5 Re6 37. g3 Ra3 38. Rfb1 Rxa4 39. Rxb6 Re2 40. R1b5
Kf7 41. Ra6 Re5 42. Rxe5 fxe5 43. h4 e4 44. h5 Kg7 45. Kg2 Kh7 46. Kh3 Ra2 47.
g4 Rxf2 48. Rxa5 Rb2 49. Re5 Rb3+ 50. Kh4 e3 51. Re7+ Kg8 52. h6 Kh8 53. g5 1-0

[Event "34th Zalakaros Open 2015"]
[Site "Zalakaros HUN"]
[Date "2015.05.17"]
[Round "4.27"]
[White "Kantor, Gergely"]
[Black "Peczely, Sebastian Zsombor"]
[Result "1-0"]
[WhiteTitle "IM"]
[WhiteElo "2402"]
[BlackElo "2260"]
[WhiteFideId "751499"]
[BlackFideId "750964"]
[EventDate "2015.05.14"]
[EventType "swiss"]

1. d4 d5 2. Nf3 Nf6 3. c4 c6 4. g3 Bg4 5. Ne5 Bh5 6. cxd5 Qxd5 7. f3 e6 8. Nc3
Bb4 9. a3 Bxc3+ 10. bxc3 Nbd7 11. Nxd7 Qxd7 12. g4 Bg6 13. e4 Rd8 14. Be3 O-O
15. Bg2 e5 16. O-O Qc7 17. Qe1 Nd7 18. a4 f6 19. a5 b6 20. Qf2 Bf7 21. f4 bxa5
22. Qg3 Nb6 23. g5 fxg5 24. fxe5 h6 25. e6 Qxg3 26. exf7+ Rxf7 27. hxg3 Nc4 28.
Rxf7 Kxf7 29. Bf2 Rb8 30. Bf1 Nd2 31. Bd3 Rb2 32. Kg2 Rb3 33. Ra2 Rxc3 34. Rxd2
a4 35. Kf3 a3 36. Ke2 1-0

[Event "34th Zalakaros Open 2015"]
[Site "Zalakaros HUN"]
[Date "2015.05.17"]
[Round "4.28"]
[White "Mesaros, Florian"]
[Black "Grimm, Daniel"]
[Result "1-0"]
[WhiteTitle "FM"]
[BlackTitle "FM"]
[WhiteElo "2390"]
[BlackElo "2255"]
[WhiteFideId "1629220"]
[BlackFideId "740080"]
[EventDate "2015.05.14"]
[EventType "swiss"]

1. Nf3 d6 2. d4 f5 3. g3 Nf6 4. Bg2 g6 5. O-O Bg7 6. b3 O-O 7. Bb2 c6 8. Nbd2
Qc7 9. Ne1 e5 10. dxe5 dxe5 11. e4 Be6 12. Nd3 Nbd7 13. Qe2 f4 14. Nf3 Nxe4 15.
Nfxe5 Ng5 16. gxf4 Nh3+ 17. Kh1 Nxf4 18. Nxf4 Rxf4 19. Nd3 Bg4 20. f3 Bxb2 21.
fxg4 Bxa1 22. Qe6+ Kh8 23. Rxf4 Rf8 24. Rf7 Rxf7 25. Qxf7 Qd6 26. g5 Be5 27. Bh3
Qd4 28. Qe8+ 1-0

[Event "34th Zalakaros Open 2015"]
[Site "Zalakaros HUN"]
[Date "2015.05.17"]
[Round "4.29"]
[White "Balint, Vilmos"]
[Black "Ekdyshman, Mikhail"]
[Result "0-1"]
[BlackTitle "IM"]
[WhiteElo "2238"]
[BlackElo "2362"]
[WhiteFideId "718050"]
[BlackFideId "4149416"]
[EventDate "2015.05.14"]
[EventType "swiss"]

1. Nf3 c5 2. c4 Nc6 3. Nc3 g6 4. g3 Bg7 5. Bg2 a6 6. O-O Nh6 7. a3 Nf5 8. Rb1
Nd6 9. d3 Nf5 10. Bd2 Rb8 11. b4 cxb4 12. axb4 b5 13. e4 Nfd4 14. Nxd4 Nxd4 15.
Ne2 O-O 16. Be3 Nc6 17. c5 a5 18. bxa5 Nxa5 19. Nd4 Ba6 20. Ra1 b4 21. Ra4 Bxd4
22. Bxd4 Nc6 23. Bb2 Bb5 24. Ra1 d6 25. Qc1 dxc5 26. Qxc5 Qxd3 27. Rfc1 Qb3 28.
Rab1 Qe6 29. e5 Rfc8 30. Bd5 Qf5 31. Qe3 Nd8 32. Be4 Qe6 33. h4 Bc6 34. h5 Bxe4
35. Qxe4 Qf5 36. Qh4 g5 37. Qd4 Ne6 38. Qa7 Kf8 39. Ba3 Rxc1+ 40. Rxc1 Qxe5 41.
Bb2 Qd6 42. h6 Rd8 43. Qe3 Qd5 44. Ra1 f6 45. Re1 Rd6 46. Qc1 Kf7 47. Ba1 b3 48.
Bb2 Qd2 49. Qa1 Ra6 50. Qxa6 Qxe1+ 51. Kg2 Qe4+ 52. Kh2 Qc2 53. Ba3 Qxf2+ 54.
Kh3 f5 0-1

[Event "34th Zalakaros Open 2015"]
[Site "Zalakaros HUN"]
[Date "2015.05.17"]
[Round "4.30"]
[White "Morrison, Graham SCO"]
[Black "Laza, Szabolcs"]
[Result "1/2-1/2"]
[WhiteTitle "FM"]
[WhiteElo "2351"]
[BlackElo "2176"]
[WhiteFideId "2400090"]
[BlackFideId "741345"]
[EventDate "2015.05.14"]
[EventType "swiss"]

1. d4 d5 2. c4 c6 3. Nf3 Nf6 4. Nc3 dxc4 5. a4 Bf5 6. e3 e6 7. Bxc4 Bb4 8. O-O
Nbd7 9. Qe2 Bg6 10. e4 Bxc3 11. bxc3 Nxe4 12. Ba3 Qc7 13. Rfc1 c5 14. Bb5 O-O
15. Bxd7 Qxd7 16. Ne5 Qd5 17. f3 Nf6 18. Bxc5 Rfc8 19. a5 Qd8 20. Qb5 Rc7 21.
Kh1 Qc8 22. c4 Nd7 23. Bd6 Nxe5 24. dxe5 Rc6 25. c5 b6 26. axb6 axb6 27. Rxa8 1/2-1/2

[Event "34th Zalakaros Open 2015"]
[Site "Zalakaros HUN"]
[Date "2015.05.17"]
[Round "4.31"]
[White "Bodi, Tibor"]
[Black "Kozak, Adam"]
[Result "1/2-1/2"]
[BlackTitle "FM"]
[WhiteElo "2204"]
[BlackElo "2341"]
[WhiteFideId "701084"]
[BlackFideId "753246"]
[EventDate "2015.05.14"]
[EventType "swiss"]

1. Nf3 d5 2. c4 c6 3. cxd5 cxd5 4. b3 Nc6 5. Bb2 Bf5 6. e3 e6 7. a3 Nf6 8. Be2
h6 9. O-O Bd6 10. b4 O-O 11. Nc3 Rc8 12. Qb3 Bb8 13. d4 Ne4 14. Nxe4 Bxe4 15.
Nd2 Bh7 16. Rfc1 Qd6 17. Nf1 Rfe8 18. Rc5 Rf8 19. Rac1 Rcd8 20. a4 Qe7 21. Ba3
Bd6 22. b5 Na5 23. Qa2 Rfe8 24. R5c3 Bg6 25. Nd2 Qd7 26. Nb3 Nxb3 27. Qxb3 e5
28. Bxd6 exd4 29. exd4 Rxe2 30. Bg3 Qg4 31. Re3 Rc2 32. Rce1 Qxd4 33. h3 Qc4 34.
Qa3 Qc5 35. Qxc5 Rxc5 36. Re8+ Rxe8 37. Rxe8+ Kh7 38. Ra8 d4 39. Rxa7 d3 40. Bf4
Rc4 41. Be3 Be4 42. f3 Bd5 43. Ra8 Rc2 44. Rd8 d2 45. Bxd2 Rxd2 46. a5 Rd3 47.
a6 bxa6 48. bxa6 Kg6 49. a7 Ra3 50. Rxd5 1/2-1/2

[Event "34th Zalakaros Open 2015"]
[Site "Zalakaros HUN"]
[Date "2015.05.17"]
[Round "4.32"]
[White "Dankhazi, Andras"]
[Black "Nomin-Erdene, Davaademberel"]
[Result "1/2-1/2"]
[WhiteTitle "FM"]
[BlackTitle "WFM"]
[WhiteElo "2223"]
[BlackElo "2337"]
[WhiteFideId "714267"]
[BlackFideId "4900782"]
[EventDate "2015.05.14"]
[EventType "swiss"]

1. d4 d5 2. c4 c6 3. e3 Nf6 4. Nc3 e6 5. Nf3 Nbd7 6. Qc2 Bd6 7. Bd3 dxc4 8. Bxc4
O-O 9. O-O a6 10. Rd1 c5 11. dxc5 Bxc5 12. Ne4 Nxe4 13. Qxe4 Qe7 14. Bd3 f5 15.
Qh4 Nf6 16. b3 b6 17. Bb2 Bb7 18. Ne5 Rfd8 19. a3 Rac8 20. b4 Bd6 21. Bd4 b5 22.
f4 Nd5 23. Qe1 Ba8 24. Rac1 Qb7 25. Bf1 Be7 26. Rxc8 Rxc8 27. Rc1 Nf6 28. Rxc8+
Qxc8 29. Qc3 Qxc3 30. Bxc3 Ne4 31. Bd4 Bf6 32. Bd3 Nd6 33. Bc5 Bxe5 34. fxe5 Nf7
35. Bd4 Nd8 36. Kf2 Nc6 37. Bc3 Ne7 38. Bd4 Kf7 39. h3 Bd5 40. g4 h6 41. Kg3 g6
42. Kf4 Bb3 43. Kg3 Bd1 44. Bb1 Be2 45. Kf2 Bc4 46. Kf3 Nc6 47. Bc3 Ne7 48. Bd4
Bf1 49. Kg3 Bc4 50. Kf3 1/2-1/2